Statistiques concernant Pays frontières de l'Afrique Du Sud :

Cliquez ici pour prendre le quiz!

Statistiques générales

  • Ce quiz a été pris 56 fois
  • Le résultat moyen est 6 sur 6

Statistiques - réponses

Hint Answer % Correct
6 :Zimbabwe
100%
2 :Lesotho
98%
1 :Botswana
96%
5 :Swaziland
96%
3 :Mozambique
92%
4 :Namibie
92%

Distribution des résultats

Percentile par nombre de réponses

% des personnes avec chaque résultat

Votre développement - résultats

Vous n’avez pas pris ce quiz